000 00246nam a2200097Ia 4500
005 20251222114412.0
008 251222s1900||||xx |||||||||||||| ||spa||
082 _aDVD0050/S78/6
245 0 _aStar wars: episodio VI - el retorno de Jedi:
942 _cDVD
999 _c2088
_d2088